Platero y yo / (Registro nro. 7645)
[ vista simple ]
| 000 -LIDER | |
|---|---|
| fixed length control field | 00802nam a2200265Ia 4500 |
| 001 - NÚMERO DE CONTROL | |
| Identificador de número de control | 00004192 |
| 003 - IDENTIFICACDOR DE NÚMERO DE CONTROL | |
| control field | DO-SdBPM |
| 005 - DATE AND TIME OF LATEST TRANSACTION | |
| control field | 20250528131035.0 |
| 008 - ELEMENTOS DE LONGITUD FIJA | |
| fixed length control field | 140604s2007 xx 000 0 und d |
| 020 ## - ISBN | |
| International Standard Book Number | 9789978490358 |
| 040 ## - FUENTE DE CATALOGACIÓN | |
| Agencia que crea de manera original el registro | DO-SdBPM |
| Idioma de catalogación | spa |
| Agencia que realiza la transcripción | BPMSU |
| 082 #4 - NÚMERO DE CLASIFICACIÓN DECIMAL DE DEWEY | |
| Classification number | 861.62 |
| Item number | J61p 2007 |
| Edition number | 22 |
| 100 1# - ASIENTO PRINCIPAL -- NOMBRE PERSONAL | |
| Nombre personal | Ramón Jiménez, Juan |
| Fechas asociadas con el nombre | 1881-1958 |
| 245 10 - MENCIÓN DE TITULO | |
| Título | Platero y yo / |
| Subtítulo | Juan Ramón Jiménez ; ilustraciones Nelson Jácome |
| 250 ## - MENCIÓN DE EDICION | |
| Mención de edición | 2a. ed. |
| 260 ## - PUBLICACIÓN, DISTRIBUCIÓN, ETC. (PIE DE IMPRENTA) | |
| Lugar de publicación, distribución, etc | Quito, Ecuador : |
| Nombre del editor, distribuidor, etc. | Libresa, |
| Lugar de impresión | 2007 |
| 300 ## - DESCRIPCIÓN FÍSICA | |
| Extensión | 70 p. : |
| Otros detalles físicos | il., ; |
| Dimensiones | 22 cm. |
| 590 ## - NOTA LOCAL | |
| Texto de la nota local | Inventariado, 2024/VM |
| 650 #4 - ENCABEZAMIENTO DE MATERIA--TEMÁTICO | |
| Término temático o nombre geográfico como elemento de entrada | Poesía española |
| 650 #4 - ENCABEZAMIENTO DE MATERIA--TEMÁTICO | |
| Término temático o nombre geográfico como elemento de entrada | Prosa poética española |
| 650 #4 - ENCABEZAMIENTO DE MATERIA--TEMÁTICO | |
| Término temático o nombre geográfico como elemento de entrada | Literatura española |
| 700 1# - ASIENTO SECUNDARIO -- NOMBRE PERSONAL | |
| Nombre personal | Jácome, Nelson |
| Mención de responsabilidad | ilustraciones |
| 910 ## - VALIDACIÓN | |
| Validación | VMateo V. Control de calidad. BPMSU |
| 942 ## - ADDED ENTRY ELEMENTS (KOHA) | |
| Source of classification or shelving scheme | Dewey Decimal Classification |
| Koha item type | Libros |
| Withdrawn status | Lost status | Source of classification or shelving scheme | Damaged status | Not for loan | Collection code | Home library | Current library | Date acquired | Total Checkouts | Full call number | Barcode | Date last seen | Price effective from | Koha item type | Copy number |
|---|---|---|---|---|---|---|---|---|---|---|---|---|---|---|---|
| Dewey Decimal Classification | Colección Juvenil General | Biblioteca Pública Metropolitana Salomé Ureña | Biblioteca Pública Metropolitana Salomé Ureña | 04/15/2015 | BPMSU CJG 861.62 J61p. 2007 | BPMSU15040431 | 04/15/2015 | 04/15/2015 | Libros | ||||||
| Dewey Decimal Classification | Colección Juvenil General | Biblioteca Pública Metropolitana Salomé Ureña | Biblioteca Pública Metropolitana Salomé Ureña | 04/15/2015 | BPMSU CJG 861.62 J61p. 2007 | BPMSU15040432 | 04/15/2015 | 04/15/2015 | Libros | e.2 | |||||
| Dewey Decimal Classification | Colección Juvenil General | Biblioteca Pública Metropolitana Salomé Ureña | Biblioteca Pública Metropolitana Salomé Ureña | 04/15/2015 | BPMSU CJG 861.62 J61p. 2007 | BPMSU15040433 | 04/15/2015 | 04/15/2015 | Libros | e.3 |